• 首页
  • 本馆介绍
  • 公告通知
  • 最新文献
  • 馆藏检索
  • 电子资源
  • 读者导购
  • 参考咨询
  • 我的图书馆
  • 登录
  • 详细信息显示
  • 放入我的书架
  • 预约/预借图书
  • 作者相关作品
  • 分类相关作品
  • 丛书相关作品
  • 出版社相关作品

书目信息

  • 表格格式
  • 工作单格式
  • 卡片格式
题名:
2008年全国法律硕士专业学位研究生入学联考模拟试卷及解析
    
 
作者: 曾宪义 , 韩大元 主编
分册:  
出版信息: 北京   中国人民大学出版社  2007
页数: 463页
开本: 26cm
丛书名:
单 册:
中图分类: D9
科图分类:
主题词: 法律--研究生--入学考试--升学参考资料
电子资源:
ISBN: 978-7-300-04865-9
000 00892nam0 2200277 450
001 012004185634
005 20080306160049.20
009 012004185634
010    @a978-7-300-04865-9@dCNY55.00
035    @a(110120)012007043318
100    @a20071107d20072000em y0chiy0110 ea
101 0  @achi
102    @aCN@b110000
105    @ay z 000yy
106    @ar
200 1  @a2008年全国法律硕士专业学位研究生入学联考模拟试卷及解析@A2008 nian quan guo fa lv shuo shi zhuan ye xue wei yan jiu sheng ru xue lian kao mo ni shi juan ji jie xi@f曾宪义,韩大元主编
205    @a8版
210    @a北京@c中国人民大学出版社@d2007
215    @a463页@d26cm
606 0  @a法律@x研究生@x入学考试@j升学参考资料
690    @aD9@v4
701  0 @a曾宪义@Azeng xian yi@4主编
701  0 @a韩大元@Ahan da yuan@4主编
801  0 @aCN@b110120@c20080306
801  2 @aCN@b110120@c20071107
905    @dD9@e415=8@f10
    
    2008年全国法律硕士专业学位研究生入学联考模拟试卷及解析/曾宪义,韩大元主编.-8版.-北京:中国人民大学出版社,2007
    463页;26cm
    
    
    ISBN 978-7-300-04865-9:CNY55.00
    
●
相关链接 在E读中查询图书 在五车中查询图书 在当当中查询图书 在豆瓣中查询图书


正题名:2008年全国法律硕士专业学位研究生入学联考模拟试卷及解析     索取号:D9/415=8         预约/预借

序号 登录号 条形码 馆藏地/架位号 状态 备注
1 0792773   207927733   第一样本阅览室/ [索取号:D9/415=8] 在馆    
2 0792774   207927742   第一借阅区/ [索取号:D9/415=8] 在馆    
3 0792775   207927751   第一借阅区/ [索取号:D9/415=8] 在馆    
4 0792776   207927760   第一借阅区/ [索取号:D9/415=8] 在馆    
5 0792777   207927779   第一借阅区/ [索取号:D9/415=8] 在馆    
6 0792778   207927788   第一借阅区/ [索取号:D9/415=8] 在馆    
7 0792779   207927797   第一借阅区/ [索取号:D9/415=8] 在馆    
8 0792780   207927804   第一借阅区/ [索取号:D9/415=8] 在馆    
9 0792781   207927813   第一借阅区/ [索取号:D9/415=8] 在馆    
10 0792782   207927822   第一借阅区/ [索取号:D9/415=8] 在馆    
唐山师范学院图书馆 欢迎您!
大连网信软件有限公司© 版权所有